[Event "zonal 3.2b (w) final A"]
[Site "Gold Coast AUS"]
[Date "2001.04.26"]
[Round "1"]
[White "Berezina, Irina"]
[Black "Szuveges, Narelle"]
[Result "1-0"]
[WhiteElo "2295"]
[BlackElo "2078"]
[EventDate "2001.04.22"]
[PlyCount "75"]

1.d4 Nf6 2.c4 g6 3.Nc3 Bg7 4.e4 d6 5.Nf3 O-O 6.h3 c5 7.d5 e6 8.Bd3 exd5 9.
cxd5 Na6 10.O-O Nc7 11.Bg5 h6 12.Bf4 a6 13.a4 b6 14.Nd2 Rb8 15.Nc4 Nfe8 
16.Qd2 Kh7 17.e5 dxe5 18.Nxe5 Qf6 19.Ne4 Qh4 20.d6 Ne6 21.Bg3 Qh5 22.Nc6 
Ra8 23.Ne7 Nf6 24.Nxf6+ Bxf6 25.Be4 Ra7 26.Nd5 Bd8 27.f4 Nd4 28.Rae1 Bh4 
29.Bxh4 Qxh4 30.Nxb6 Bf5 31.b4 Bxe4 32.Rxe4 Ne6 33.Qe3 f5 34.Rxe6 cxb4 35.
d7 Rf6 36.Re7+ Kg8 37.d8=Q+ Rf8 38.Qe6+ 1-0

[Event "zonal 3.2b (w) final A"]
[Site "Gold Coast AUS"]
[Date "2001.04.26"]
[Round "1"]
[White "Moylan, Laura"]
[Black "Phan-Koshnitsky, Ngan"]
[Result "0-1"]
[WhiteElo "2110"]
[BlackElo "2156"]
[EventDate "2001.04.22"]
[PlyCount "130"]

1.d4 Nf6 2.Nf3 g6 3.Bg5 Bg7 4.Nbd2 d5 5.e3 c5 6.c3 Qb6 7.Bxf6 Bxf6 8.Qb3 
O-O 9.Qxb6 axb6 10.Be2 Bf5 11.O-O Nc6 12.Ne1 e5 13.g4 Be6 14.dxe5 Nxe5 15.
h3 Nc6 16.f4 Rfe8 17.e4 dxe4 18.Nxe4 Be7 19.a3 f5 20.Ng3 Bh4 21.Kh2 Bf7 
22.Bf3 Rad8 23.Rd1 Rxd1 24.Bxd1 Bc4 25.Rg1 fxg4 26.hxg4 Bd8 27.b3 Bf7 28.
Ne2 Bc7 29.Kg2 Kg7 30.c4 Na5 31.Kf1 b5 32.f5 bxc4 33.fxg6 hxg6 34.bxc4 
Nxc4 35.Nc2 Nd2+ 36.Kf2 c4 37.Re1 Bb6+ 38.Ned4 Rd8 39.Ke2 Bxd4 40.Kxd2 
Bf2+ 41.Ke2 Bxe1 42.Kxe1 c3 43.Nb4 Ra8 44.a4 Bc4 45.Bc2 Ra5 46.Kf2 b5 47.
Nc6 Ra6 48.axb5 Bxb5 49.Nd4 Bc4 50.Ke3 Kf6 51.Ke4 Ra2 52.Kf4 g5+ 53.Ke4 
Rb2 54.Ke3 Rb8 55.Ke4 Re8+ 56.Kf3 Ke5 57.Nf5 Be6 58.Ke3 Bxf5 59.gxf5 Rd8 
60.Bb1 Rd1 61.Bc2 Rd2 62.Be4 g4 63.Bd3 Rxd3+ 64.Kxd3 g3 65.f6 Kxf6 0-1

[Event "zonal 3.2b (w) final A"]
[Site "Gold Coast AUS"]
[Date "2001.04.27"]
[Round "2"]
[White "Phan-Koshnitsky, Ngan"]
[Black "Berezina, Irina"]
[Result "1-0"]
[WhiteElo "2156"]
[BlackElo "2295"]
[EventDate "2001.04.22"]
[PlyCount "175"]

1.d4 Nf6 2.c4 g6 3.Nc3 Bg7 4.e4 d6 5.Be2 O-O 6.Bg5 Nbd7 7.Qd2 e5 8.d5 a5 
9.g4 Nc5 10.f3 h6 11.Be3 Kh7 12.h4 Ne8 13.O-O-O f5 14.gxf5 gxf5 15.Nh3 f4 
16.Bxc5 dxc5 17.Nf2 Bf6 18.Rdg1 Nd6 19.h5 Bg5 20.b3 Qe7 21.Bf1 Bd7 22.a4 
Rg8 23.Bh3 Be8 24.Be6 Rg7 25.Ng4 Nf7 26.Rd1 Bd7 27.Bxd7 Qxd7 28.Ne2 Qd6 
29.Kc2 Be7 30.Qc3 Rg5 31.Nc1 Bf6 32.Nd3 Bh8 33.Qe1 b6 34.Nc1 Qd7 35.Qe2 
Nd6 36.Nd3 Qf7 37.Ndf2 Bg7 38.Rh3 Rxh5 39.Rxh5 Qxh5 40.Rh1 Qg6 41.Qf1 Nf7 
42.Rh2 Rd8 43.Qh1 Rd6 44.Nd3 Rd8 45.Rg2 Qd6 46.Qh5 Rd7 47.Qf5+ Kh8 48.Rh2 
Re7 49.Rh5 Kg8 50.Qc8+ Kh7 51.Ngf2 Qg6 52.Qh3 Bf6 53.Ng4 Bg5 54.Qh1 Kg7 
55.Rh2 c6 56.Rg2 Kh7 57.dxc6 Qxc6 58.Rd2 Kg6 59.Qd1 Qc7 60.Nc1 h5 61.Nh2 
Bh4 62.Ne2 Kh6 63.Nc3 Qc6 64.Nd5 Re6 65.Qh1 Bg3 66.Nf1 Rd6 67.Nxg3 fxg3 
68.Qh3 Qe8 69.Qxg3 Rg6 70.Qh4 Qe6 71.Rh2 Rg5 72.Ne3 Nd6 73.Rd2 Kg6 74.Nd5 
Kh6 75.Ne3 Kg6 76.Nd5 Kh6 77.Qh2 Nc8 78.Ne3 Kg6 79.Nf5 Kf7 80.Rd5 Rxf5 81.
exf5 Qxf5+ 82.Kb2 Ke6 83.Qd2 h4 84.Qh6+ Qf6 85.Qh5 e4+ 86.Kc2 exf3 87.Qg4+
Kf7 88.Rf5 1-0

[Event "zonal 3.2b (w) final A"]
[Site "Gold Coast AUS"]
[Date "2001.04.27"]
[Round "2"]
[White "Szuveges, Narelle"]
[Black "Moylan, Laura"]
[Result "1/2-1/2"]
[WhiteElo "2078"]
[BlackElo "2110"]
[EventDate "2001.04.22"]
[PlyCount "125"]

1.d4 Nf6 2.c4 c5 3.d5 b5 4.cxb5 a6 5.bxa6 g6 6.Nc3 Bxa6 7.e4 Bxf1 8.Kxf1 
d6 9.Nf3 Bg7 10.g3 O-O 11.Kg2 Nbd7 12.h3 Ra7 13.Re1 Qa8 14.Re2 Rb8 15.Qc2 
Nb6 16.Rb1 Na4 17.Nxa4 Rxa4 18.b3 Ra7 19.Bg5 Ne8 20.Rd1 h6 21.Bc1 Nc7 22.
a4 Rab7 23.Nd2 Qa5 24.Nc4 Qc3 25.Qxc3 Bxc3 26.Bxh6 Rxb3 27.e5 Bd4 28.exd6 
exd6 29.Nxd6 Nxd5 30.Rde1 Rb2 31.Nb5 Rxe2 32.Rxe2 Ra8 33.Ra2 Nb4 34.Ra3 
Bb2 35.Rb3 Bf6 36.Be3 Rxa4 37.Bxc5 Nc6 38.Nd6 Bd4 39.Bxd4 Rxd4 40.Nb5 Rd5 
41.Rc3 Rxb5 42.Rxc6 Rf5 43.h4 Kg7 44.g4 Ra5 45.Rc3 Ra4 46.Kg3 Rb4 47.Rf3 
Rb5 48.Ra3 Kf6 49.Ra6+ Kg7 50.Ra3 Kf6 51.g5+ Kg7 52.Rf3 Rb8 53.Rf6 Rb3+ 
54.f3 Rb5 55.Ra6 Rc5 56.Ra4 Rb5 57.Kf4 Rb3 58.Kg4 Rb1 59.Ra3 Rg1+ 60.Kh3 
Rh1+ 61.Kg3 Kg8 62.f4 Rg1+ 63.Kf3 1/2-1/2

[Event "zonal 3.2b (w) final A"]
[Site "Gold Coast AUS"]
[Date "2001.04.27"]
[Round "3"]
[White "Berezina, Irina"]
[Black "Moylan, Laura"]
[Result "1-0"]
[WhiteElo "2295"]
[BlackElo "2110"]
[EventDate "2001.04.22"]
[PlyCount "57"]

1.d4 Nf6 2.Nf3 g6 3.c4 c5 4.d5 b5 5.cxb5 a6 6.bxa6 Bxa6 7.Nc3 d6 8.e4 Bxf1
9.Kxf1 Bg7 10.g3 O-O 11.Kg2 Nbd7 12.h3 Ra7 13.Re1 Qa8 14.Re2 Rb8 15.Qc2 
Ne8 16.Bg5 Kf8 17.Rb1 Nc7 18.b3 Nb5 19.Nxb5 Rxb5 20.Rbe1 Rba5 21.a4 c4 22.
Qxc4 Rc5 23.Qd3 Rc3 24.Qd1 Nc5 25.Re3 Rb7 26.Rxc3 Bxc3 27.Bd2 Rxb3 28.Bxc3
Rxc3 29.Qd4 1-0

[Event "zonal 3.2b (w) final B"]
[Site "Gold Coast AUS"]
[Date "2001.04.27"]
[Round "2"]
[White "Smith, Vivian"]
[Black "Mills, Natalie"]
[Result "1/2-1/2"]
[WhiteElo "2020"]
[BlackElo "2005"]
[EventDate "2001.04.22"]
[PlyCount "46"]

1.e4 e5 2.Nf3 Nf6 3.Nxe5 d6 4.Nf3 Nxe4 5.Qe2 Qe7 6.d3 Nf6 7.Bg5 Nbd7 8.Nc3
Qxe2+ 9.Bxe2 h6 10.Bxf6 Nxf6 11.O-O Bg4 12.Rfe1 O-O-O 13.Nd4 Bxe2 14.Rxe2 
g6 15.Rae1 c6 16.Nf3 Bg7 17.Re7 Rd7 18.h4 Kd8 19.Rxd7+ Kxd7 20.Kf1 Re8 21.
Rxe8 Nxe8 22.Nd1 Nc7 23.c3 Ne6 1/2-1/2

[Event "zonal 3.2b (w) prel"]
[Site "Gold Coast AUS"]
[Date "2001.04.22"]
[Round "1"]
[White "Berezina, Irina"]
[Black "Smith, Vivian"]
[Result "1-0"]
[WhiteElo "2295"]
[BlackElo "2020"]
[EventDate "2001.04.22"]
[PlyCount "77"]

1.Nf3 Nf6 2.g3 g6 3.Bg2 Bg7 4.d3 O-O 5.Nbd2 d6 6.O-O e5 7.e4 Nbd7 8.a4 a5 
9.Nc4 Nc5 10.Be3 Ne6 11.h3 h6 12.Qd2 Kh7 13.Nxa5 c5 14.Nc4 Qc7 15.a5 Bd7 
16.Nb6 Rab8 17.Qd1 Bc6 18.Nd2 Nd7 19.Nd5 Bxd5 20.exd5 Nd4 21.h4 Nf5 22.Nc4
Nxe3 23.Nxe3 f5 24.h5 g5 25.Nxf5 Kh8 26.Ne7 Rf6 27.Ng6+ Kg8 28.Bh3 Nf8 29.
Nxf8 Rbxf8 30.c3 Kh8 31.Be6 c4 32.dxc4 Qxc4 33.Ra4 Qc5 34.Qe2 Ra8 35.Ra3 
Raf8 36.b4 Qc7 37.c4 b6 38.a6 Ra8 39.Qg4 1-0

[Event "zonal 3.2b (w) prel"]
[Site "Gold Coast AUS"]
[Date "2001.04.22"]
[Round "1"]
[White "Mills, Natalie"]
[Black "Phan-Koshnitsky, Ngan"]
[Result "1/2-1/2"]
[WhiteElo "2005"]
[BlackElo "2156"]
[EventDate "2001.04.22"]
[PlyCount "48"]

1.d4 Nf6 2.Bg5 g6 3.Bxf6 exf6 4.c4 Bg7 5.Nc3 d6 6.g3 f5 7.Bg2 Nd7 8.e3 Nf6
9.Nge2 h5 10.b4 h4 11.a4 g5 12.O-O Ng4 13.Qd3 hxg3 14.hxg3 Kf8 15.b5 Rb8 
16.Rab1 Nh2 17.Rfd1 Qf6 18.Nd5 Qd8 19.c5 Be6 20.cxd6 Qxd6 21.Nec3 Rd8 22.
Rdc1 Rh6 23.Qd2 g4 24.Nf4 Bc8 1/2-1/2

[Event "zonal 3.2b (w) prel"]
[Site "Gold Coast AUS"]
[Date "2001.04.22"]
[Round "2"]
[White "Szuveges, Narelle"]
[Black "Mills, Natalie"]
[Result "1-0"]
[WhiteElo "2078"]
[BlackElo "2005"]
[EventDate "2001.04.22"]
[PlyCount "167"]

1.Nf3 Nf6 2.g3 g6 3.Bg2 Bg7 4.O-O O-O 5.d3 d5 6.Nbd2 c5 7.e4 Nc6 8.Qe2 Bg4
9.c3 dxe4 10.dxe4 Qc8 11.Nb3 Ne5 12.Qe3 Nxf3+ 13.Bxf3 Bxf3 14.Qxf3 Qc6 15.
Re1 Rfd8 16.Qe2 e5 17.Bg5 Rd7 18.Bxf6 Bxf6 19.Rad1 Rad8 20.Rxd7 Rxd7 21.c4
Qd6 22.Na1 b6 23.Nc2 Bg5 24.h4 Bh6 25.b3 Qd2 26.Kf1 Kf8 27.Qxd2 Rxd2 28.
Re2 Rd1+ 29.Kg2 Ke7 30.Kf3 Ke6 31.Kg4 Bc1 32.Kf3 Rd3+ 33.Kg2 Bd2 34.f3 a6 
35.Na3 Bc1 36.Nb1 Bh6 37.Rc2 Rd6 38.Nc3 f5 39.Nd5 a5 40.a4 Kd7 41.g4 fxg4 
42.fxg4 Bf4 43.g5 Ke6 44.Rc3 Bd2 45.Rf3 Bf4 46.Kh3 Rd7 47.Kg4 h5+ 48.gxh6 
Rh7 49.Nxb6 Bxh6 50.Nd5 Rf7 51.Rxf7 Kxf7 52.h5 gxh5+ 53.Kxh5 Bd2 54.Nb6 
Ke6 55.Kg6 Be1 56.Nd5 Bh4 57.Kg7 Bg5 58.Kf8 Kd6 59.Kf7 Bh4 60.Ne3 Be1 61.
Nf5+ Kd7 62.Kf6 Bc3 63.Nh4 Kd6 64.Nf3 Bb2 65.Kf5 Bc3 66.Ng5 Ke7 67.Nf3 Kd6
68.Kf6 Bb2 69.Kf7 Kd7 70.Ng5 Kd6 71.Ke8 Bc3 72.Kd8 Bd2 73.Nf3 Bc3 74.Kc8 
Kc6 75.Ng5 Kd6 76.Kb7 Bb4 77.Kb6 Ke7 78.Nh3 Ke6 79.Nf2 Kd6 80.Nd3 Bc3 81.
Kb5 Bd2 82.Nxc5 Kc7 83.Nd3 Kd6 84.c5+ 1-0

[Event "zonal 3.2b (w) prel"]
[Site "Gold Coast AUS"]
[Date "2001.04.22"]
[Round "2"]
[White "Phan-Koshnitsky, Ngan"]
[Black "Moylan, Laura"]
[Result "1/2-1/2"]
[WhiteElo "2156"]
[BlackElo "2110"]
[EventDate "2001.04.22"]
[PlyCount "132"]

1.d4 Nf6 2.Nf3 g6 3.Bg5 Bg7 4.Nbd2 d6 5.e4 Nbd7 6.c3 e5 7.Bd3 O-O 8.O-O h6
9.Bh4 c6 10.Re1 Qc7 11.a4 a5 12.Bg3 Nh5 13.Nc4 Nxg3 14.hxg3 Nb6 15.Qb3 
Nxc4 16.Bxc4 Rb8 17.Rad1 Bd7 18.Nh4 b5 19.axb5 cxb5 20.Bd5 Bc6 21.Nxg6 
Bxd5 22.Qxd5 Rfc8 23.dxe5 dxe5 24.Nh4 b4 25.Nf5 bxc3 26.bxc3 Rd8 27.Qa2 
Qxc3 28.Qe2 Kh7 29.Qh5 Rf8 30.Re3 Qc5 31.Rd6 Rb6 32.Red3 Rxd6 33.Rxd6 Qc1+
34.Kh2 Qg5 35.Qxg5 hxg5 36.Ra6 Rc8 37.Rxa5 Rc2 38.f3 g4 39.f4 Re2 40.Nxg7 
Kxg7 41.Rxe5 f6 42.Re6 Kf7 43.f5 Re1 44.Rc6 Rxe4 45.Rc7+ Kf8 46.Rc2 Kg7 
47.Rf2 Re5 48.Rf4 Kh6 49.Rxg4 Rxf5 50.Rf4 Kg5 51.Rxf5+ Kxf5 52.Kh3 Kg5 53.
g4 Kh6 54.Kh2 Kg6 55.Kg3 Kg5 56.Kh3 Kh6 57.Kh4 Kg6 58.g5 fxg5+ 59.Kg4 Kf6 
60.Kh5 Kf5 61.g3 g4 62.Kh4 Kf6 63.Kxg4 Kg6 64.Kf4 Kf6 65.g4 Kg6 66.g5 Kg7 
1/2-1/2

[Event "zonal 3.2b (w) prel"]
[Site "Gold Coast AUS"]
[Date "2001.04.23"]
[Round "3"]
[White "Berezina, Irina"]
[Black "Phan-Koshnitsky, Ngan"]
[Result "1/2-1/2"]
[WhiteElo "2295"]
[BlackElo "2156"]
[EventDate "2001.04.22"]
[PlyCount "33"]

1.d4 Nf6 2.c4 g6 3.Nc3 Bg7 4.e4 d6 5.Bd3 c6 6.Nge2 e5 7.d5 O-O 8.Ng3 Na6 
9.O-O Nc5 10.Bc2 a5 11.Rb1 cxd5 12.cxd5 Bd7 13.Qe2 Ng4 14.h3 Nh6 15.Bd2 
Qh4 16.Nb5 Qe7 17.a4 1/2-1/2

[Event "zonal 3.2b (w) prel"]
[Site "Gold Coast AUS"]
[Date "2001.04.23"]
[Round "3"]
[White "Moylan, Laura"]
[Black "Szuveges, Narelle"]
[Result "0-1"]
[WhiteElo "2110"]
[BlackElo "2078"]
[EventDate "2001.04.22"]
[PlyCount "104"]

1.e4 e5 2.f4 Bc5 3.Nf3 d6 4.Nc3 Nf6 5.Bc4 O-O 6.d3 Nc6 7.Na4 Bb6 8.Nxb6 
axb6 9.a3 exf4 10.Bxf4 d5 11.Bxd5 Nxd5 12.exd5 Qxd5 13.O-O Bg4 14.Bxc7 
Qc5+ 15.d4 Bxf3 16.dxc5 Bxd1 17.Raxd1 bxc5 18.Bd6 Rfe8 19.Bxc5 Re2 20.Rf2 
Rae8 21.Kf1 R2e4 22.g3 Ne5 23.Rd4 Ng4 24.Rxe4 Rxe4 25.Rd2 h5 26.c3 f5 27.
h3 Nf6 28.Bd4 Ne8 29.Re2 Nd6 30.a4 Kf7 31.b4 g5 32.Rxe4 fxe4 33.b5 Ke6 34.
Bb6 g4 35.hxg4 hxg4 36.a5 Nxb5 37.Ke2 Nxc3+ 38.Ke3 Kf5 39.Bd4 Nd5+ 40.Ke2 
Ke6 41.Bf2 Kd6 42.Kd2 Kc6 43.Kc2 Kb5 44.Kb3 e3 45.Be1 Kc5 46.Kc2 Kc4 47.a6
bxa6 48.Ba5 Kd4 49.Be1 Ke4 50.Kd1 Kf3 51.Bc3 Nxc3+ 52.Ke1 e2 0-1

[Event "zonal 3.2b (w) prel"]
[Site "Gold Coast AUS"]
[Date "2001.04.23"]
[Round "4"]
[White "Phan-Koshnitsky, Ngan"]
[Black "Smith, Vivian"]
[Result "1-0"]
[WhiteElo "2156"]
[BlackElo "2020"]
[EventDate "2001.04.22"]
[PlyCount "51"]

1.d4 b6 2.c4 e6 3.Nc3 Bb7 4.e4 Bb4 5.Bd3 Qh4 6.Qe2 f5 7.g3 Qf6 8.Nf3 fxe4 
9.Bxe4 Bxe4 10.Qxe4 c6 11.O-O Bxc3 12.bxc3 Ne7 13.Ba3 O-O 14.Ne5 d5 15.Qe2
Re8 16.Bd6 c5 17.Bxb8 Raxb8 18.Nd7 Qf7 19.Nxb8 Rxb8 20.dxc5 bxc5 21.Rab1 
Rxb1 22.Rxb1 Nc6 23.cxd5 exd5 24.Qb5 Qf5 25.Re1 Qd7 26.Qxc5 1-0

[Event "zonal 3.2b (w) prel"]
[Site "Gold Coast AUS"]
[Date "2001.04.23"]
[Round "4"]
[White "Mills, Natalie"]
[Black "Moylan, Laura"]
[Result "0-1"]
[WhiteElo "2005"]
[BlackElo "2110"]
[EventDate "2001.04.22"]
[PlyCount "70"]

1.d4 Nf6 2.Bg5 Ne4 3.Bf4 d5 4.e3 e6 5.Bd3 Nf6 6.Nd2 Bd6 7.Bg3 O-O 8.Ngf3 
b6 9.Ne5 Bb7 10.O-O Ne4 11.Ndf3 f6 12.Ng4 h5 13.Nh4 hxg4 14.Ng6 Bxg3 15.
hxg3 f5 16.Nxf8 Qxf8 17.Qe2 Qf6 18.Bxe4 dxe4 19.c4 Nd7 20.Qd2 Kf7 21.Rfd1 
Qh6 22.Kf1 Qh1+ 23.Ke2 Qxg2 24.Rf1 Qf3+ 25.Ke1 Rh8 26.Qe2 e5 27.Qxf3 gxf3 
28.Kd2 Rh2 29.Kc3 exd4+ 30.exd4 Nf6 31.Rad1 Ng4 32.Rd2 Rxf2 33.Rdxf2 Nxf2 
34.Rxf2 e3 35.Rc2 f2 0-1

[Event "zonal 3.2b (w) prel"]
[Site "Gold Coast AUS"]
[Date "2001.04.24"]
[Round "5"]
[White "Smith, Vivian"]
[Black "Szuveges, Narelle"]
[Result "1/2-1/2"]
[WhiteElo "2020"]
[BlackElo "2078"]
[EventDate "2001.04.22"]
[PlyCount "117"]

1.e4 e5 2.Nf3 Nf6 3.Nxe5 d6 4.Nf3 Nxe4 5.Qe2 Qe7 6.d3 Nf6 7.Bg5 Qxe2+ 8.
Bxe2 Be7 9.O-O c6 10.Re1 O-O 11.Bf1 Bd8 12.Nbd2 d5 13.Re2 Na6 14.a3 Nc7 
15.Bf4 Ne6 16.Bd6 Re8 17.Rae1 Bd7 18.Nb3 Bc7 19.Bxc7 Nxc7 20.Rxe8+ Rxe8 
21.Rxe8+ Nfxe8 22.Ne5 Bc8 23.Be2 f6 24.Ng4 Kf7 25.f4 b6 26.Kf2 Nd6 27.Ne3 
Ke7 28.Bf3 Bd7 29.g3 Ne6 30.c3 a5 31.Bg4 a4 32.Nd2 d4 33.cxd4 Nxd4 34.Bxd7
Kxd7 35.Nec4 Nxc4 36.Nxc4 b5 37.Nd2 Kd6 38.Ne4+ Kd5 39.Nc3+ Kc5 40.Ne4+ 
Kb6 41.Ke3 Nf5+ 42.Kd2 c5 43.Nc3 Nd6 44.Nd5+ Kc6 45.Ne3 b4 46.Nc4 Nf5 47.
Na5+ Kb5 48.Nc4 g5 49.fxg5 fxg5 50.Ne5 h5 51.g4 hxg4 52.Nxg4 Nd4 53.Ne5 
Nc6 54.Nc4 Nd4 55.Ne5 Ne6 56.Ke3 b3 57.Ke4 Ng7 58.Kd5 Nf5 59.Ke4 1/2-1/2

[Event "zonal 3.2b (w) prel"]
[Site "Gold Coast AUS"]
[Date "2001.04.24"]
[Round "5"]
[White "Berezina, Irina"]
[Black "Mills, Natalie"]
[Result "1/2-1/2"]
[WhiteElo "2295"]
[BlackElo "2005"]
[EventDate "2001.04.22"]
[PlyCount "34"]

1.d4 d5 2.Nf3 Nf6 3.e3 Bf5 4.Be2 e6 5.Nbd2 Bd6 6.b3 Nbd7 7.Bb2 Ne4 8.O-O 
O-O 9.c4 c6 10.a3 a5 11.Re1 h6 12.Bf1 Ndf6 13.Qe2 Bg4 14.h3 Bh5 15.Qd3 Bg6
16.Qe2 Bh5 17.Qd3 Bg6 1/2-1/2

[Event "zonal 3.2b (w) prel"]
[Site "Gold Coast AUS"]
[Date "2001.04.24"]
[Round "6"]
[White "Moylan, Laura"]
[Black "Berezina, Irina"]
[Result "1/2-1/2"]
[WhiteElo "2110"]
[BlackElo "2295"]
[EventDate "2001.04.22"]
[PlyCount "207"]

1.e4 c5 2.Nf3 d6 3.d4 cxd4 4.Nxd4 Nf6 5.Nc3 a6 6.f4 e5 7.Nf3 Qc7 8.a4 Nbd7
9.Bd3 Be7 10.Qe2 exf4 11.Bxf4 Ne5 12.Bg5 Nxf3+ 13.gxf3 Be6 14.Bf4 Nh5 15.
Be3 Bh4+ 16.Kd1 Bf6 17.Ra3 Rc8 18.f4 g6 19.Kc1 O-O 20.f5 Bc4 21.Nd5 Bxd5 
22.exd5 Rfe8 23.Qf3 Qe7 24.Bd2 Bg5 25.Rg1 Qe1+ 26.Rxe1 Rxe1+ 27.Qd1 Rxd1+ 
28.Kxd1 Bf4 29.fxg6 hxg6 30.Be2 Bxh2 31.Rb3 Rc7 32.Bc3 Ng7 33.Bf6 Ne8 34.
Bd4 Re7 35.Rh3 Be5 36.Re3 f6 37.c4 Kf7 38.Bxe5 Rxe5 39.Rxe5 fxe5 40.b4 b6 
41.c5 dxc5 42.bxc5 bxc5 43.Bxa6 Ke7 44.Bc4 Nd6 45.Be2 Kd7 46.Kc2 Kc7 47.a5
Kb7 48.Kc3 g5 49.Kb3 Ka7 50.Kc3 g4 51.Bxg4 Ka6 52.Be2+ Kxa5 53.Kb3 Kb6 54.
Bd3 Kc7 55.Kc3 Kd7 56.Kd2 Ke7 57.Ke3 Kf6 58.Kf3 Kg5 59.Bc2 Kh4 60.Bd3 Kg5 
61.Bc2 Kf6 62.Bd3 Ke7 63.Ke3 Nc8 64.Bc4 Kd6 65.Bb3 Ne7 66.Ke4 Ng6 67.Ba2 
Nf4 68.Bc4 Nh3 69.Ba2 Nf2+ 70.Kf3 Nd1 71.Bb3 Nc3 72.Ke3 Nxd5+ 73.Ke4 Nb6 
74.Kd3 Nd7 75.Ke3 Nf6 76.Bc4 Kc7 77.Bf1 Kb6 78.Kd3 Kb5 79.Kc3+ Kc6 80.Bg2+
Kd6 81.Kc4 Nh5 82.Be4 Nf6 83.Bf3 Nh7 84.Bg2 Ng5 85.Kd3 Ne6 86.Kc4 Nf4 87.
Bf3 Nh3 88.Kd3 Nf4+ 89.Kc4 Ne6 90.Bg2 Nf8 91.Bh3 Nd7 92.Bxd7 Kxd7 93.Kd5 
c4 94.Kxc4 Ke6 95.Kd3 Kf5 96.Ke3 e4 97.Ke2 Kf4 98.Kf2 Ke5 99.Ke3 Kd5 100.
Ke2 Kd4 101.Kd2 e3+ 102.Ke2 Ke4 103.Ke1 Kf3 104.Kf1 1/2-1/2

[Event "zonal 3.2b (w) prel"]
[Site "Gold Coast AUS"]
[Date "2001.04.24"]
[Round "6"]
[White "Mills, Natalie"]
[Black "Smith, Vivian"]
[Result "1-0"]
[WhiteElo "2005"]
[BlackElo "2020"]
[EventDate "2001.04.22"]
[PlyCount "113"]

1.d4 c5 2.c3 e6 3.Nf3 d5 4.Bg5 Qa5 5.e3 Nc6 6.Nbd2 cxd4 7.exd4 Bd7 8.Bd3 
Nf6 9.O-O Be7 10.Ne5 Bd6 11.Nxd7 Nxd7 12.f4 Be7 13.Bxe7 Nxe7 14.Nf3 Qb6 
15.Qe2 O-O 16.Ne5 Nxe5 17.fxe5 Ng6 18.Kh1 Qd8 19.Rf3 Rc8 20.Raf1 Qe7 21.
Rh3 h6 22.Rg3 Nh8 23.Qh5 Ng6 24.h3 Qh4 25.Qf3 Qe7 26.Rg4 a6 27.Qg3 h5 28.
Rg5 h4 29.Qe3 Rcd8 30.Rf2 Rc8 31.Bxg6 fxg6 32.Rxg6 Rxf2 33.Qxf2 Rf8 34.Qe2
Qf7 35.Qg4 Qf1+ 36.Kh2 Qf4+ 37.Qxf4 Rxf4 38.Kg1 Kf7 39.Rg4 Rxg4 40.hxg4 g5
41.Kh2 Ke7 42.g3 hxg3+ 43.Kxg3 Kd7 44.Kf3 Kc6 45.Ke3 b5 46.Kd3 Kb6 47.b3 
Kc6 48.c4 a5 49.cxb5+ Kxb5 50.Kc3 a4 51.a3 Ka5 52.bxa4 Kxa4 53.Kb2 Ka5 54.
Kb3 Kb5 55.a4+ Ka5 56.Ka3 Ka6 57.Kb4 1-0

[Event "zonal 3.2b (w) prel"]
[Site "Gold Coast AUS"]
[Date "2001.04.26"]
[Round "7"]
[White "Smith, Vivian"]
[Black "Moylan, Laura"]
[Result "1/2-1/2"]
[WhiteElo "2020"]
[BlackElo "2110"]
[EventDate "2001.04.22"]
[PlyCount "120"]

1.d4 Nf6 2.Nf3 g6 3.Bf4 d6 4.e3 Bg7 5.Nbd2 O-O 6.Bc4 Nbd7 7.h3 Qe8 8.O-O 
e5 9.dxe5 Nxe5 10.Nxe5 dxe5 11.Bh2 c6 12.c3 b5 13.Bb3 Bb7 14.Qe2 Nd5 15.
Ne4 Qe7 16.c4 Nc7 17.Rfd1 Rfd8 18.Nc3 b4 19.Ne4 c5 20.Ng3 Bc6 21.Rxd8+ 
Rxd8 22.Rd1 a5 23.Rxd8+ Qxd8 24.Bc2 f5 25.b3 Ne8 26.Nf1 Qa8 27.f3 a4 28.
Bg3 Bf6 29.Bf2 axb3 30.axb3 e4 31.fxe4 Bxe4 32.Bxe4 Qxe4 33.Qd1 Qc6 34.Bg3
Qe6 35.Qd3 Be7 36.Qd5 Qxd5 37.cxd5 Bd6 38.Kf2 Kf7 39.Nd2 Bxg3+ 40.Kxg3 Nd6
41.Kf4 Kf6 42.h4 h6 43.e4 g5+ 44.hxg5+ hxg5+ 45.Ke3 f4+ 46.Kd3 g4 47.Ke2 
Nf7 48.Nc4 Ne5 49.Nd2 Ke7 50.Kf2 Kd6 51.Ke2 Kc7 52.Kf2 Kd7 53.Ke2 Ke7 54.
Kf2 Nd3+ 55.Ke2 Ne5 56.Kf2 Nf7 57.Ke2 Kf6 58.Nc4 Ne5 59.Nd2 Kg5 60.Kf2 Kf6
1/2-1/2

[Event "zonal 3.2b (w) prel"]
[Site "Gold Coast AUS"]
[Date "2001.04.26"]
[Round "7"]
[White "Phan-Koshnitsky, Ngan"]
[Black "Szuveges, Narelle"]
[Result "1-0"]
[WhiteElo "2156"]
[BlackElo "2078"]
[EventDate "2001.04.22"]
[PlyCount "89"]

1.d4 Nf6 2.c4 g6 3.Nc3 Bg7 4.e4 d6 5.Be2 O-O 6.Bg5 h6 7.Bf4 Nbd7 8.Qd2 Kh7
9.Nf3 Nh5 10.Be3 e5 11.g4 Nhf6 12.h3 exd4 13.Nxd4 Re8 14.f3 Nc5 15.O-O-O 
Bd7 16.h4 Ng8 17.Nb3 Nxb3+ 18.axb3 Bc6 19.Qc2 Qe7 20.Bf4 Kh8 21.Bd3 a6 22.
Rde1 Qd7 23.Qd2 b5 24.Bxh6 Bxh6 25.g5 Bf8 26.h5 Kg7 27.hxg6 fxg6 28.Qh2 
Kf7 29.e5 dxe5 30.Qh7+ Bg7 31.Qxg6+ Kf8 32.Rh7 Re6 33.Rxg7 Rxg6 34.Rxd7 
Ne7 35.Rxc7 Rxg5 36.f4 Rg3 37.Bc2 b4 38.Ne4 Bxe4 39.Bxe4 Re8 40.fxe5 Rxb3 
41.Rf1+ Kg8 42.Bc2 Rh3 43.Ba4 Nd5 44.cxd5 Rxe5 45.Bd7 1-0